[Event "Berlin Lichtenberger op 9th"]
[Site "Berlin"]
[Date "2010.08.09"]
[Round "3"]
[White "Hempel Morgenstern, Markus"]
[Black "Bandlow, Matthias"]
[Result "1-0"]
[WhiteElo "1564"]
[BlackElo "2004"]
[PlyCount "63"]
[EventDate "2010.08.07"]
[EventType "swiss"]
[EventRounds "9"]
[EventCountry "GER"]
[SourceTitle "CBM 137 Extra"]
[Source "ChessBase"]
[SourceDate "2010.09.01"]
[SourceVersion "1"]
[SourceVersionDate "2010.09.01"]
[SourceQuality "1"]

1. f4 d5 2. e3 e6 3. Nf3 Nf6 4. b3 Be7 5. Bb2 0-0 6. Be2 c5 7. 0-0 b6 8. Bd3 Bb7 9. Qe1 Ne4 10. Bxe4 dxe4 11. Qg3 Bf6 12. Ne5 Nd7 13. Na3 Nxe5 14. fxe5 Be7 15. Rad1 Qd7 16. c4 a6 17. Rf4 Rad8 18. Rg4 g6 19. Bc1 Qd3 20. Rf1 Kg7 21. Rgf4 Rd7 22. h4 h5 23. Qf2 Bd8 24. g4 g5 25. hxg5 Bxg5 26. Rf6 Bxf6 27. Qxf6+ Kh7 28. Kf2 Rh8 29. Rh1 Kg8 30. gxh5 Rh7 31. Rg1+ Kf8 32. Qg5 1-0